| Поле | Название | Значение |
| |
Тип записи |
a |
| |
Библиографический уровень |
m |
| 001 |
Контрольный номер |
LIBNET\0000393795 |
| 005 |
Дата корректировки |
20180510182213.9 |
| 010 |
Индекс ISBN |
__ |
| a |
ISBN |
978-5-367-02518-7 |
| d |
Цена |
90-00 |
| 100 |
Данные общей обработки |
__ |
| a |
Данные общей обработки |
19131121d20 ## |||y0rusy0189 ca |
| 101 |
Язык документа |
__ |
| a |
Язык текста |
rus |
| 102 |
Страна публикации |
__ |
| a |
Страна публикации |
RU |
| 102 |
Страна публикации |
__ |
| a |
Страна публикации |
RU |
| 105 |
Кодированные данные (монография) |
__ |
| a |
Кодированные данные (монография) |
a###z###000zy |
| 200 |
Заглавие и сведения об ответственности |
__ |
| a |
Заглавие |
Здоровье женщины. Репродуктивная система |
| f |
Первые сведения об ответственности |
[Е.В. Первушина] |
| 210 |
Выходные данные |
__ |
| a |
Место издания |
Санкт-Петербург |
| c |
Издательство |
Амфора |
| d |
Дата издания |
2013 |
| 215 |
Физическое описание |
__ |
| a |
Объем |
62, [1] с. |
| c |
Иллюстрации/тип воспроизводства |
ил. |
| d |
Формат |
25 |
| 225 |
Серия (Журнальная рубрика) |
__ |
| a |
Серия (Журнальная рубрика) |
Семейная энциклопедия здоровья |
| v |
Обозначение тома |
вып. №2 |
| 330 |
Аннотация |
__ |
| a |
Аннотация |
Женские болезни способны круто изменить не только жизнь, но и личность. Однако с этими болезнями можно и нужно бороться. Мало кто любит лечиться. Кому-то кажется, что, если не замечать проблемы, она рассосется сама. Кому-то легче приспособиться к болезненным изменениям, чем активно бороться с ними. Кто-то не верит в компетентность врачей. А в результате жизнь, которая могла быть исполнена радости, приносит одни страдания. И если эта книга хоть немного поможет развеять ваши страхи, набраться решимости, чтобы сделать первый шаг от болезни к здоровью, значит, вы не зря ее прочитали. |
| 333 |
Примечание о целевом назначении |
__ |
| a |
Примечание о целевом назначении |
16+ |
| 606 |
Тематические рубрики |
__ |
| a |
Основная рубрика |
Здравоохранение. Медицинские науки |
| 606 |
Тематические рубрики |
__ |
| a |
Основная рубрика |
Физиологические и патофизиологические особенности женского организма |
| 610 |
Ключевые слова |
__ |
| a |
Ключевые слова |
репродуктивная система |
| 610 |
Ключевые слова |
__ |
| a |
Ключевые слова |
женские болезни |
| 610 |
Ключевые слова |
__ |
| a |
Ключевые слова |
женская половая система |
| 610 |
Ключевые слова |
__ |
| a |
Ключевые слова |
миома матки |
| 610 |
Ключевые слова |
__ |
| a |
Ключевые слова |
аднексит |
| 610 |
Ключевые слова |
__ |
| a |
Ключевые слова |
мастопатия |
| 610 |
Ключевые слова |
__ |
| a |
Ключевые слова |
спираль внутриматочная |
| 610 |
Ключевые слова |
__ |
| a |
Ключевые слова |
молочные железы |
| 610 |
Ключевые слова |
__ |
| a |
Ключевые слова |
климакс |
| 610 |
Ключевые слова |
__ |
| a |
Ключевые слова |
йога |
| 610 |
Ключевые слова |
__ |
| a |
Ключевые слова |
бесплодие |
| 610 |
Ключевые слова |
__ |
| a |
Ключевые слова |
контрацепция |
| 610 |
Ключевые слова |
__ |
| a |
Ключевые слова |
секс |
| 610 |
Ключевые слова |
__ |
| a |
Ключевые слова |
кольпит |
| 610 |
Ключевые слова |
__ |
| a |
Ключевые слова |
скрытые инфекции |
| 686 |
Индексы других классификаций |
__ |
| 2 |
Код системы |
rubbk |
| a |
Индекс ББК |
57.125 |
| 686 |
Индексы других классификаций |
__ |
| a |
Индекс ББК |
75.69 |
| 700 |
Автор |
_1 |
| a |
Фамилия |
Первушина |
| b |
Имя |
Е. В. |
| c |
Титул (звания) |
канд. мед. наук, акушерство и гинекология |
| g |
Полное личное имя |
Елена Владимировна |
| 801 |
Источник записи |
_0 |
| a |
Страна |
RU |
| b |
Организация |
Владимирская ОУНБ |
| c |
Дата составления |
20131121 |
| 801 |
Источник записи |
_1 |
| a |
Страна |
RU |
| b |
Организация |
Владимирская ОУНБ |
| c |
Дата составления |
20131121 |
| 801 |
Источник записи |
_2 |
| a |
Страна |
RU |
| b |
Организация |
Владимирская ОУНБ |
| c |
Дата составления |
20131121 |
| 801 |
Источник записи |
_2 |
| a |
Страна |
RU |
| b |
Организация |
Центральная районная библиотека им. Г. А. Пирожникова |
| c |
Дата составления |
20131121 |
| 852 |
Данные о местонахождении |
__ |
| j |
Шифр хранения |
57.125 |
| i |
Авторский знак |
П 31 |
| b |
Сигла хранения |
26 |
| 901 |
Тип документа |
__ |
| t |
Тип документа |
m |
| 902 |
Роль лиц |
__ |
| a |
Создатель БЗ |
ОКиО/Струналь |
| 990 |
Данные о заказе (DOS) |
__ |
| j |
Количество экземпляров (DOS) |
1 |
| h |
N записи в КСУ для Б/У (DOS) |
2016-1 |